000
00466nam a2200169Ia 4500
008
090711s9999 xx 000 0 und d
082
_b
34094
100
_a
पै शिरीष
245
_a
हृदयरंग
260
_b
नीळकंठप्रकाशन
_c
1971
300
_a
148
600
_a
पै शिरीष
630
_a
हृदयरंग
700
_a
पै शिरीष
730
_a
हृदयरंग
942
_c
BOOK
999
_c
330978
_d
330978